000 00259nam a2200109Ia 4500
008 190216s9999||||xx |||||||||||||| ||und||
100 _aYeremin C N
245 0 _aFoundations Of Chemical Kinetics
260 _bMir Publishers
650 _aChemistry
942 _cBK
999 _c2105
_d2105